000
00322nam a2200121Ia 4500
008
191014s9999 xx 000 0 und d
082
_a
300.72
_b
BAB
100
_a
Earl Babbie
_9
23952
245
4
_a
The Practice of Social Research (9th Edition)
260
_a
Astralia
_b
Wadsworth
_c
2001
300
_a
Xxiii,498
942
_c
BK
999
_c
531101
_d
531101